The amazing adventures of Hercules

Bibliographic Details
Other Authors: Zeff, Claudia
Format: Book
Published: London : Usborne Publishing , 2004
Series:Usborne young reading:Series Two
Subjects:

MARC

LEADER 00000cam a2200000 7i4500
001 0000001625
005 20220105103923.0
008 070706
020 |a 0746054092 
090 0 0 |a JP   |b AD ENG (1932) 
245 0 4 |a The amazing adventures of Hercules   |c retold by Claudia Zeff 
260 |a London :   |b Usborne Publishing ,   |c 2004 
440 0 |a Usborne young reading:Series Two 
500 |a Children age 4-6 years old (yellow) 
650 0 |a Adventure   |x Fiction 
700 1 |a Zeff, Claudia 
999 |a 0000896190   |b Book   |c Children Collection   |e Cawangan Bandar Penawar 
999 |a 0000896192   |b Book   |c Children Collection   |e Cawangan Mersing 
999 |a 0000896193   |b Book   |c Children Collection   |e Cawangan Segamat 
999 |a 0000896196   |b Book   |c Children Collection   |e Cawangan Tmn. Ungku Tun Aminah 
999 |a 0000896197   |b Book   |c Children Collection   |e Cawangan Tmn. Ungku Tun Aminah 
999 |a 0000964895   |b Book   |c Children Collection   |e Perbadanan Perpustakaan Awam Johor 
999 |a 0000964896   |b Book   |c Children Collection   |e Perbadanan Perpustakaan Awam Johor 
999 |a 0000964897   |b Book   |c Children Collection   |e Perbadanan Perpustakaan Awam Johor 
999 |a 0000964898   |b Book   |c Children Collection   |e Perbadanan Perpustakaan Awam Johor